| 000 | 00555nam a2200157 i 4500 | ||
|---|---|---|---|
| 001 | 41619 | ||
| 003 | ES-MaACL | ||
| 005 | 20230906160450.0 | ||
| 007 | t| | ||
| 008 | 030311s1958 sp ||||1| spa d | ||
| 100 | 1 |
_aCasals Torres, Manuel. _936080 |
|
| 245 | 1 | 0 |
_aFormularios de desahucios, resoluciones y revisiones de arrendamientos urbanos _b: Ley de 22 de diciembre de 1955... / _cManuel Casals Torres. |
| 260 |
_aBarcelona : _bJosé Mª Bosch, _c1958 ( _fHija de J. Ferrer Coll) |
||
| 300 |
_a461 p. ; _c22 cm. |
||
| 852 |
_aES-MaACL _jC-14342 _bR.42307 |
||
| 999 |
_c41619 _d41619 |
||